[Event "Prebor DDM 2007"]
[Site "?"]
[Date "2007.10.24"]
[Round "3"]
[White "Nemec, Jan"]
[Black "Hacaperka, Michal"]
[Result "1/2-1/2"]
[WhiteElo "1927"]
[BlackElo "1893"]
[PlyCount "70"]
[EventDate "2007.??.??"]
[SourceDate "2007.10.24"]

1. c4 Nf6 2. Nf3 d6 3. Nc3 g6 4. g3 Bg7 5. Bg2 O-O 6. O-O e5 7. d3 Re8 8. e4
Nbd7 9. Bg5 h6 10. Bd2 Nc5 11. Qc2 a6 12. b4 Ne6 13. a4 c5 14. Nd5 b6 15. a5 b5
16. Nb6 Ra7 17. cxb5 axb5 18. Nxc8 Qxc8 19. Qb3 Qb7 20. Rab1 Rb8 21. Rfc1 Nd7
22. Be3 Nd4 23. Bxd4 cxd4 24. Nh4 Kf8 25. Rc2 Raa8 26. Rbc1 Rc8 27. Bh3 Ke7 28.
Nxg6+ fxg6 29. Qe6+ Kd8 30. Qg8+ Bf8 31. Bxd7 Kxd7 32. Qxg6 Be7 33. Qxh6 Rxc2
34. Rxc2 Rc8 35. Qh3+ Kd8 1/2-1/2

[Event "Prebor DDM 2007"]
[Site "?"]
[Date "2007.10.24"]
[Round "3"]
[White "Pokorny, Ondrej"]
[Black "Rakous, Pavel"]
[Result "1-0"]
[WhiteElo "1978"]
[BlackElo "1954"]
[PlyCount "53"]
[EventDate "2007.??.??"]
[SourceDate "2007.10.24"]

1. e4 a6 2. d4 c5 3. dxc5 Qa5+ 4. Nc3 e6 5. Bc4 Bxc5 6. Nf3 b5 7. Bd3 b4 8. Ne2
Bb7 9. O-O Nf6 10. Ng3 h5 11. Bg5 Ng4 12. h3 h4 13. Bxh4 Ne5 14. Nxe5 Rxh4 15.
Nf3 Rh6 16. e5 Nc6 17. Ne4 O-O-O 18. Qe2 f5 19. Nxc5 Qxc5 20. Bxa6 g5 21. Bxb7+
Kxb7 22. Qd2 Nxe5 23. Nxe5 Qxe5 24. Qxb4+ Kc8 25. Qc4+ Kb7 26. Rfe1 Qf4 27.
Qb5+ 1-0

[Event "Prebor DDM 2007"]
[Site "?"]
[Date "2007.10.24"]
[Round "3"]
[White "Stvan, Marek"]
[Black "Kokstein, Vlastimil"]
[Result "1-0"]
[WhiteElo "1597"]
[BlackElo "1589"]
[PlyCount "163"]
[EventDate "2007.??.??"]
[SourceDate "2007.10.24"]

1. e4 e5 2. Nf3 d6 3. d4 exd4 4. Nxd4 Nf6 5. Nc3 a6 6. Bg5 Be7 7. Bd3 h6 8. Bh4
c6 9. O-O O-O 10. Nf5 Bxf5 11. exf5 Nfd7 12. Bxe7 Qxe7 13. Re1 Qd8 14. Qe2 f6
15. Qe6+ Kh8 16. Qxd6 Ne5 17. Qxd8 Rxd8 18. Be4 Nbd7 19. Rad1 Nc5 20. Re2 Rxd1+
21. Nxd1 Rd8 22. Nc3 Na4 23. f4 Nxc3 24. bxc3 Rd1+ 25. Kf2 Nd7 26. Re1 Rxe1 27.
Kxe1 Nc5 28. Bf3 Kg8 29. Kd2 Kf7 30. Ke3 Ke7 31. Kd4 Kd6 32. g4 Nd7 33. h4 c5+
34. Kd3 b5 35. c4 b4 36. c3 a5 37. Bd1 Nb6 38. g5 a4 39. cxb4 cxb4 40. Kd4 b3
41. axb3 a3 42. Kc3 Kc5 43. b4+ Kc6 44. Be2 a2 45. Kb2 a1=Q+ 46. Kxa1 Na4 47.
Bd3 Nc3 48. Kb2 Na4+ 49. Kb3 Nb6 50. Be4+ Kc7 51. c5 Nc8 52. b5 Ne7 53. Kc4 Kb8
54. c6 Kc7 55. Kc5 Nc8 56. Bd5 Nb6 57. Be6 Na4+ 58. Kb4 Nb6 59. Ka5 Na8 60. Kb4
Kb6 61. Bc4 Nc7 62. Kb3 Kc5 63. Kc3 Ne8 64. Kd3 Nc7 65. Kc3 Na8 66. Be2 Nc7 67.
Kb3 Kb6 68. Bc4 Na8 69. Kb4 Nc7 70. Kc3 Kc5 71. gxh6 gxh6 72. Kd3 Na8 73. b6
Kxb6 74. Bd5 Kc5 75. Be4 Nc7 76. Ke3 Kd6 77. Kf3 Na8 78. Kg4 Kc5 79. Kh5 Kd4
80. Bg2 Ke3 81. Kxh6 Kxf4 82. Kg6 1-0

[Event "Prebor DDM 2007"]
[Site "?"]
[Date "2007.10.24"]
[Round "3"]
[White "Spolc, Ondrej"]
[Black "Smutny, Patrik"]
[Result "1/2-1/2"]
[WhiteElo "1294"]
[BlackElo "1374"]
[PlyCount "65"]
[EventDate "2007.??.??"]
[SourceDate "2007.10.24"]

1. d4 Nf6 2. c4 d5 3. Nc3 e6 4. Bg5 Be7 5. Nf3 b6 6. e3 Bb7 7. Be2 h6 8. Bh4
Nbd7 9. a3 c5 10. b3 Bd6 11. Ra2 Rc8 12. Nb5 Bb8 13. Bg3 Bxg3 14. hxg3 Ne4 15.
Bd3 Ndf6 16. Qc2 a6 17. Nc3 Nd6 18. Rb2 Ra8 19. Ne5 Nd7 20. Nxd7 Qxd7 21. Ne2
b5 22. Qc3 Qc7 23. cxb5 Nxb5 24. Bxb5+ axb5 25. dxc5 Bc6 26. b4 O-O 27. Nd4 Qe5
28. Rc2 Qc7 29. Nxc6 Qxc6 30. O-O Ra7 31. Rd1 Rfa8 32. Ra2 Rd7 33. Rd4 1/2-1/2

[Event "Prebor DDM 2007"]
[Site "?"]
[Date "2007.10.24"]
[Round "3"]
[White "Kandrik, Antonin"]
[Black "Kalab, Jaromir"]
[Result "1-0"]
[WhiteElo "1883"]
[BlackElo "1733"]
[PlyCount "43"]
[EventDate "2007.??.??"]
[SourceDate "2007.10.24"]

1. e4 e5 2. Nf3 Nc6 3. Bc4 Bc5 4. b4 Bxb4 5. c3 Be7 6. d4 Na5 7. Be2 exd4 8.
cxd4 d5 9. exd5 Qxd5 10. O-O Bg4 11. Nc3 Qd7 12. Re1 Nf6 13. Bb5 c6 14. Ba3
O-O-O 15. Rxe7 Qf5 16. Bd3 Qf4 17. Ne2 Bxf3 18. Nxf4 Bxd1 19. Rxd1 g5 20. Rxf7
Nd7 21. Ne6 Rde8 22. Ng7 1-0

[Event "Prebor DDM 2007"]
[Site "?"]
[Date "2007.10.24"]
[Round "3"]
[White "Komzak, Roman"]
[Black "Safranek, David"]
[Result "1-0"]
[WhiteElo "1783"]
[BlackElo "1700"]
[PlyCount "61"]
[EventDate "2007.??.??"]
[SourceDate "2007.10.24"]

1. d4 Nf6 2. c4 e6 3. Nf3 b6 4. g3 Bb7 5. Bg2 Be7 6. O-O O-O 7. Nc3 d6 8. Qc2
c5 9. dxc5 bxc5 10. e4 Nc6 11. Rd1 Nb4 12. Qe2 Qb6 13. a3 Nc6 14. Bf4 Rfd8 15.
Nb5 e5 16. Bg5 Nd4 17. Nbxd4 cxd4 18. b4 h6 19. Bxf6 Bxf6 20. Qd3 Bc8 21. Nxd4
exd4 22. e5 Bg4 23. Bxa8 Bxd1 24. exf6 Ba4 25. Bd5 gxf6 26. Qg6+ Kh8 27. Qxh6+
Kg8 28. Qg6+ Kh8 29. Qxf6+ Kh7 30. Qxf7+ Kh8 31. Be4 1-0

[Event "Prebor DDM 2007"]
[Site "?"]
[Date "2007.10.24"]
[Round "3"]
[White "Smutna, Eva"]
[Black "Kalabova, Jitka"]
[Result "0-1"]
[WhiteElo "1371"]
[BlackElo "1359"]
[PlyCount "86"]
[EventDate "2007.??.??"]
[SourceDate "2007.10.24"]

1. e4 c5 2. d3 Nc6 3. Nf3 e5 4. Nc3 Nf6 5. Be3 Be7 6. Qe2 O-O 7. O-O-O d5 8.
exd5 Nxd5 9. Nxd5 Qxd5 10. Kb1 Be6 11. b3 Qd8 12. Bd2 Bg4 13. Qe4 Bxf3 14. Qxf3
h6 15. g3 Nb4 16. Qxb7 Qa5 17. Bxb4 Qxb4 18. Qxe7 Rad8 19. Qxe5 c4 20. Qf4 Qb6
21. d4 cxb3 22. axb3 Qc6 23. Rg1 Rc8 24. Bd3 Rfe8 25. Rge1 Red8 26. Bc4 Qb7 27.
Re2 Rd7 28. Rde1 Kf8 29. Kb2 Qb4 30. Qg4 Qb7 31. Ba6 Qc7 32. Bxc8 Qxc8 33. Qe4
Rd8 34. Qe7+ Kg8 35. Qe8+ Kh7 36. Qxf7 Rf8 37. Qd5 Qg4 38. c4 Rf5 39. Qe6 Qxd4+
40. Ka2 Ra5+ 41. Kb1 Ra1+ 42. Kc2 Ra2+ 43. Kc1 Qa1# 0-1

[Event "Prebor DDM 2007"]
[Site "?"]
[Date "2007.10.24"]
[Round "3"]
[White "Fica, Alexander"]
[Black "Kottek, Eduard"]
[Result "1-0"]
[WhiteElo "1801"]
[BlackElo "1880"]
[PlyCount "121"]
[EventDate "2007.??.??"]
[SourceDate "2007.10.24"]

1. d4 Nf6 2. c4 e6 3. Nc3 Bb4 4. a3 Bxc3+ 5. bxc3 c5 6. Qc2 Nc6 7. Nf3 b6 8. e4
Qc7 9. e5 Ng8 10. Bf4 Nge7 11. Bd3 Ng6 12. Bg3 Ba6 13. O-O Na5 14. Nd2 Rc8 15.
Ne4 O-O 16. Nd6 Rb8 17. Rac1 Nb7 18. Qa4 Nxd6 19. Qxa6 Qb7 20. Qa4 Nf5 21. Bxf5
exf5 22. f4 Rbd8 23. Qc2 d6 24. Qxf5 dxe5 25. dxe5 Rd2 26. Rf2 Rfd8 27. Re1 Nf8
28. Qe4 Qxe4 29. Rxe4 Rxf2 30. Kxf2 Rd1 31. Re1 Rd2+ 32. Re2 Rd1 33. f5 Rd3 34.
Re3 Rd7 35. Bh4 Rd2+ 36. Kf3 Ra2 37. e6 fxe6 38. fxe6 Nxe6 39. Rxe6 Rxa3 40.
Be1 Kf7 41. Re3 a5 42. Re2 Rb3 43. Ke4 Ke6 44. Kd3+ Kd6 45. g4 g6 46. Bg3+ Kd7
47. h4 Rb1 48. g5 Rg1 49. Bf2 Rb1 50. Kc2 Ra1 51. Kb2 Rd1 52. Ka3 Rd6 53. Ka4
Rd1 54. Rb2 Kc6 55. Re2 Rd7 56. Re6+ Rd6 57. Rxd6+ Kxd6 58. Kb5 Kc7 59. Bxc5 a4
60. Bxb6+ Kb7 61. Bc5 1-0

[Event "Prebor DDM 2007"]
[Site "?"]
[Date "2007.10.25"]
[Round "4"]
[White "Kapralek, Martin"]
[Black "Zuna, Zdenek"]
[Result "0-1"]
[WhiteElo "1726"]
[BlackElo "1847"]
[PlyCount "60"]
[EventDate "2007.??.??"]
[SourceDate "2007.10.26"]

1. e4 d5 2. exd5 Nf6 3. c4 c6 4. Nc3 cxd5 5. d4 Nc6 6. c5 g6 7. Bb5 Bg7 8. Nf3
O-O 9. Bxc6 bxc6 10. O-O Bg4 11. h3 Bxf3 12. Qxf3 Nd7 13. Ne2 Rb8 14. a3 Re8
15. b4 e5 16. Bb2 e4 17. Qf4 g5 18. Qg4 Rf8 19. Ng3 h5 20. Qxh5 f5 21. Qg6 f4
22. Nh5 Rf7 23. Qxc6 Nf6 24. Nxf6+ Rxf6 25. Qa4 Rh6 26. Rac1 g4 27. c6 Qg5 28.
c7 Rc8 29. f3 Rxh3 30. gxh3 gxf3+ 0-1

[Event "Prebor DDM 2007"]
[Site "?"]
[Date "2007.10.31"]
[Round "4"]
[White "Kalabova, Jitka"]
[Black "Raba, Milan"]
[Result "1/2-1/2"]
[WhiteElo "1359"]
[BlackElo "1371"]
[PlyCount "41"]
[EventDate "2007.??.??"]
[SourceDate "2007.10.31"]

1. e4 d6 2. Nf3 Nf6 3. Nc3 c6 4. d4 Bg4 5. d5 cxd5 6. Nxd5 e6 7. Nc3 a6 8. e5
Bxf3 9. gxf3 dxe5 10. Qxd8+ Kxd8 11. Be3 Nbd7 12. O-O-O Ke8 13. h4 h6 14. Bg2
Bc5 15. f4 Bxe3+ 16. fxe3 Rb8 17. fxe5 Nxe5 18. Rd4 Nc6 19. Bxc6+ bxc6 20. Rd6
Rc8 21. Rg1 1/2-1/2

[Event "Prebor DDM 2007"]
[Site "?"]
[Date "2007.10.31"]
[Round "4"]
[White "Kokstein, Vlastimil"]
[Black "Smutna, Eva"]
[Result "1-0"]
[WhiteElo "1589"]
[BlackElo "1371"]
[PlyCount "77"]
[EventDate "2007.??.??"]
[SourceDate "2007.10.31"]

1. d4 d5 2. e3 Nf6 3. c4 e6 4. a3 b6 5. Nf3 Bd6 6. Nc3 Bb7 7. Bd3 O-O 8. O-O
Nc6 9. b4 a6 10. Qc2 Qd7 11. c5 bxc5 12. bxc5 Be7 13. Ng5 g6 14. Nf3 Rfe8 15.
Qa4 Ng4 16. h3 Nh6 17. e4 dxe4 18. Bxe4 Bf6 19. Ne5 Bxe5 20. dxe5 Kg7 21. Rd1
Qe7 22. Bxc6 Bxc6 23. Qxc6 Nf5 24. Ne4 Qh4 25. Bg5 Qh5 26. Nf6 Qxg5 27. Nxe8+
Kh6 28. Qxa8 Qe7 29. Nf6 Qxc5 30. Ng4+ Kg7 31. Qf3 Qe7 32. Nf6 Nh4 33. Qe4 Nf5
34. Rd7 Qf8 35. Rad1 c5 36. Rd8 Qe7 37. Rg8+ Kh6 38. Qf4+ g5 39. Qxg5# 1-0

[Event "Prebor DDM 2007"]
[Site "?"]
[Date "2007.10.31"]
[Round "4"]
[White "Vlach, Karel"]
[Black "Rylek, Milan"]
[Result "1-0"]
[WhiteElo "2004"]
[BlackElo "1842"]
[PlyCount "105"]
[EventDate "2007.??.??"]
[SourceDate "2007.10.31"]

1. e4 c5 2. Nf3 d6 3. d4 cxd4 4. Nxd4 Nf6 5. Nc3 g6 6. Bg5 Bg7 7. Qd2 O-O 8.
Be2 Bd7 9. Bh6 Nc6 10. Nb3 Qb6 11. h4 Ne5 12. h5 Nfg4 13. Bxg4 Nxg4 14. Bxg7
Kxg7 15. Nd5 Qd8 16. f3 e6 17. Qd4+ f6 18. Nc3 Ne5 19. hxg6 hxg6 20. Qxd6 Nc4
21. Qh2 Rh8 22. Qxh8+ Qxh8 23. Rxh8 Rxh8 24. O-O-O Bc6 25. Nd4 Bd7 26. b3 Ne3
27. Nf5+ gxf5 28. Rxd7+ Kg6 29. Rxb7 Rh2 30. Ne2 e5 31. exf5+ Nxf5 32. Rxa7
Rxg2 33. Kd1 Rf2 34. f4 exf4 35. Ke1 Rf3 36. Ra4 Kg5 37. Ra5 Re3 38. Kf2 Kg4
39. Ra8 Rf3+ 40. Ke1 Re3 41. Ra4 Rxe2+ 42. Kxe2 Kg3 43. Re4 f3+ 44. Kf1 Nd6 45.
Re6 Nf5 46. a4 Nd4 47. a5 Nxe6 48. a6 Nc5 49. a7 Ne4 50. a8=Q Nd2+ 51. Ke1 f2+
52. Kxd2 f1=Q 53. Qg8+ 1-0

[Event "Prebor DDM 2007"]
[Site "?"]
[Date "2007.10.31"]
[Round "4"]
[White "Safranek, David"]
[Black "Spolc, Ondrej"]
[Result "1-0"]
[WhiteElo "1700"]
[BlackElo "1294"]
[PlyCount "63"]
[EventDate "2007.??.??"]
[SourceDate "2007.10.31"]

1. e4 e5 2. Nf3 Nc6 3. Bb5 d6 4. d4 a6 5. Ba4 Bd7 6. d5 Nce7 7. Bb3 Nf6 8. Qe2
g6 9. c4 Bg7 10. Nc3 O-O 11. O-O Bg4 12. Bg5 Rc8 13. Rfd1 Re8 14. h3 Bd7 15.
Be3 Rb8 16. Rac1 Rc8 17. Bc2 Rb8 18. b4 Qc8 19. Kh2 Rd8 20. a4 Be8 21. c5 b6
22. cxd6 cxd6 23. Na2 Qb7 24. Bd3 Ra8 25. a5 Nc8 26. Nc3 b5 27. Rd2 Qc7 {=} 28.
Rdc2 Qb7 29. Nd1 Rd7 30. Ne1 Rc7 31. Rxc7 Qb8 32. Rxc8 1-0

[Event "Prebor DDM 2007"]
[Site "?"]
[Date "2007.10.31"]
[Round "4"]
[White "Kottek, Eduard"]
[Black "Sterba, Karel"]
[Result "1/2-1/2"]
[WhiteElo "1880"]
[BlackElo "1813"]
[PlyCount "87"]
[EventDate "2007.??.??"]
[SourceDate "2007.10.31"]

1. f4 d5 2. b3 Bf5 3. Nf3 Nc6 4. e3 Nf6 5. Bb5 a6 6. Bxc6+ bxc6 7. Bb2 e6 8.
O-O Be7 9. Ne5 Qd6 10. Ba3 c5 11. Nc3 Qb6 12. Na4 Qb5 13. c4 dxc4 14. bxc4 Qb7
15. Bxc5 Bxc5 16. Nxc5 Qb6 17. Qa4+ c6 18. d4 Ne4 19. Rab1 Nxc5 20. dxc5 Qxc5
21. Rbe1 Be4 22. Rf2 f6 23. Nf3 Bd3 24. Nd4 Qxc4 25. Qxc6+ Qxc6 26. Nxc6 Be4
27. Nd4 Ke7 28. Rb2 Rhb8 29. Ree2 Rxb2 30. Rxb2 Bd5 31. Kf2 Rc8 32. g3 Rc5 33.
Ke2 Ra5 34. Nb3 Bxb3 35. axb3 Rb5 36. Kd3 Kd6 37. Kc4 Rc5+ 38. Kb4 Kc6 39. e4
g5 40. Ra2 Rb5+ 41. Kc4 Kb6 42. b4 gxf4 43. gxf4 Rh5 44. Rd2 1/2-1/2

[Event "Prebor DDM 2007"]
[Site "?"]
[Date "2007.10.31"]
[Round "4"]
[White "Kandrik, Antonin"]
[Black "Pokorny, Ondrej"]
[Result "1-0"]
[WhiteElo "1883"]
[BlackElo "1978"]
[PlyCount "55"]
[EventDate "2007.??.??"]
[SourceDate "2007.10.31"]

1. e4 e5 2. Nf3 Nc6 3. Bc4 Bc5 4. c3 Nf6 5. d4 exd4 6. cxd4 Bb4+ 7. Bd2 Bxd2+
8. Nbxd2 O-O 9. e5 Ng4 10. h3 Nh6 11. O-O d6 12. Re1 Bf5 13. Rc1 Re8 14. Bb5
Bd7 15. Bc4 Nf5 16. Ne4 dxe5 17. Neg5 Nd6 18. dxe5 Nxc4 19. Rxc4 Qe7 20. Qd3 g6
21. Rf4 Bf5 22. Rxf5 Red8 23. Qe4 gxf5 24. Qxf5 Kf8 25. Nxh7+ Kg7 26. Re4 Rg8
27. Rg4+ Kh8 28. Nf6 1-0

[Event "Prebor DDM 2007"]
[Site "?"]
[Date "2007.10.31"]
[Round "4"]
[White "Kuhnl, Eduard"]
[Black "Spolc, Martin"]
[Result "1/2-1/2"]
[WhiteElo "1720"]
[BlackElo "1366"]
[PlyCount "109"]
[EventDate "2007.??.??"]
[SourceDate "2007.10.31"]

1. d4 d5 2. c4 dxc4 3. Nc3 e6 4. e3 Bd6 5. Nf3 Nf6 6. Bxc4 Bd7 7. e4 Bb4 8. e5
Ng8 9. O-O Bxc3 10. bxc3 Bc6 11. Re1 Ne7 12. Bg5 Bxf3 13. Qxf3 Nbc6 14. Rab1
Rb8 15. Bb5 Qd5 16. Qxd5 exd5 17. e6 f6 18. Bf4 Rc8 19. Ba4 g5 20. Bg3 b6 21.
h4 h6 22. hxg5 hxg5 23. f4 Rg8 24. fxg5 Rxg5 25. Bh4 Rg6 26. Rf1 Rd8 27. Bxf6
Rd6 28. Bxe7 Kxe7 29. Rf7+ Kd8 30. Rf8+ Ke7 31. Rbf1 Rdxe6 32. R1f7+ Kd6 33.
Bxc6 Kxc6 34. Rc8 Re1+ 35. Kf2 Ra1 36. Rcxc7+ Kb5 37. Rxa7 Rc6 38. Rf3 Rc1 39.
Ra3 Rc2+ 40. Kg1 Rg6 41. Rf2 Rc1+ 42. Kh2 Kc4 43. Rf3 Rc2 44. Rg3 Rh6+ 45. Rh3
Rg6 46. Rg3 Rh6+ 47. Kg1 Re6 48. Ra4+ Kb5 49. Rb4+ Ka5 50. a3 Ra2 51. c4 Rxa3
52. Rb5+ Ka4 53. Rxa3+ Kxa3 54. Rxd5 Kb4 55. c5 1/2-1/2

[Event "Prebor DDM 2007"]
[Site "?"]
[Date "2007.10.31"]
[Round "4"]
[White "Hacaperka, Michal"]
[Black "Fica, Alexander"]
[Result "1-0"]
[WhiteElo "1893"]
[BlackElo "1801"]
[PlyCount "136"]
[EventDate "2007.??.??"]
[SourceDate "2007.10.31"]

1. e4 c5 2. f4 Nc6 3. Nf3 d6 4. Bb5 Bd7 5. O-O e6 6. d3 a6 7. Bxc6 Bxc6 8. c4
Nf6 9. Nc3 Be7 10. Qe1 O-O 11. b3 b5 12. Bb2 bxc4 13. dxc4 Nd7 14. Rd1 Qc7 15.
Rf2 Rfe8 16. Rfd2 f6 17. Qg3 Bf8 18. Qh3 a5 19. a4 Rab8 20. Nb5 Bxb5 21. axb5
Nb6 22. g4 e5 23. f5 a4 24. g5 axb3 25. Rc1 Qf7 26. Rg2 g6 27. gxf6 Qxf6 28.
Ng5 Rb7 29. fxg6 hxg6 30. Rf1 Qh8 31. Qxb3 Bh6 32. Nf3 Re6 33. Bc1 Rf7 34. Bxh6
Qxh6 35. Ng5 Rxf1+ 36. Kxf1 Rf6+ 37. Kg1 Qh4 38. Qg3 Qxg3 39. Rxg3 Nxc4 40. Rc3
Nb6 41. Ra3 Kg7 42. Ra6 d5 43. exd5 Nxd5 44. Ne6+ Kf7 45. Nxc5 Rb6 46. Ra7+ Ne7
47. Ne4 Ke6 48. Ra6 Rxa6 49. bxa6 Nc8 50. Kf2 Kd5 51. Ke3 Nb6 52. Nf6+ Ke6 53.
Ng4 Kd5 54. a7 g5 55. Nf6+ Ke6 56. Ne4 g4 57. Nc5+ Kf5 58. Nd7 Na8 59. Nc5 Kg5
60. Ke4 Kh4 61. Kxe5 Kh3 62. Kf4 Kh4 63. Nd7 Kh3 64. Ne5 Kxh2 65. Nxg4+ Kg2 66.
Ke4 Kg3 67. Ne5 Kh4 68. Kd5 Kg5 1-0

[Event "Prebor DDM 2007"]
[Site "?"]
[Date "2007.10.31"]
[Round "4"]
[White "Rakous, Pavel"]
[Black "Komzak, Roman"]
[Result "1/2-1/2"]
[WhiteElo "1954"]
[BlackElo "1783"]
[PlyCount "158"]
[EventDate "2007.??.??"]
[SourceDate "2007.10.31"]

1. Nf3 d5 2. c4 e6 3. b3 Nf6 4. Bb2 Nc6 5. d4 Bb4+ 6. Nbd2 Bd7 7. g3 O-O 8. Bg2
Re8 9. O-O Rb8 10. Rc1 h6 11. a3 Bf8 12. Rc2 dxc4 13. Nxc4 Nd5 14. e4 Nb6 15.
Nce5 Nxe5 16. Nxe5 c6 17. Qa1 Bd6 18. Ng4 Qg5 19. h3 h5 20. Ne5 Bxe5 21. dxe5
Rbd8 22. h4 Qg6 23. Rd2 Qh6 24. Rfd1 c5 25. a4 a5 26. Ba3 Rc8 27. Rd6 Bc6 28.
Bxc5 Na8 29. Be3 Qh8 30. Bg5 Kh7 31. Qb2 Nc7 32. Qe2 g6 33. Bf6 Qf8 34. Bf3 Qh6
35. Kh2 Na6 36. Rd8 Nc5 37. Rxe8 Rxe8 38. Qc4 Nd7 39. Rd6 Qf8 40. Qd3 Nc5 41.
Qe3 Nd7 42. Qg5 Qh6 43. Rd3 Nc5 44. Re3 Qxg5 45. Bxg5 Nd7 46. Bf4 Kg8 47. g4
hxg4 48. Bxg4 Kf8 49. f3 Ke7 50. Rc3 Ra8 51. Kg3 Rh8 52. Bh3 Kf8 53. Bf1 Kg7
54. Bb5 Nb8 55. Bg5 Rc8 56. Be3 Nd7 57. f4 Rc7 58. Bd4 Kf8 59. Bc5+ Nxc5 60.
Rxc5 Ke7 61. Bxc6 Rxc6 62. Rxc6 bxc6 63. Kg4 Kf8 64. Kg5 Kg7 65. h5 gxh5 66.
Kxh5 Kh7 67. Kg5 Kg7 68. f5 c5 69. Kh5 Kh7 70. Kg4 Kh6 71. Kf4 Kh5 72. fxe6
fxe6 73. Ke3 Kg4 74. Kd3 Kf4 75. Kc4 Kxe4 76. Kxc5 Kxe5 77. b4 axb4 78. Kxb4
Kd6 79. Kb5 Kc7 1/2-1/2

[Event "Prebor DDM 2007"]
[Site "?"]
[Date "2007.11.01"]
[Round "2"]
[White "Smutny, Patrik"]
[Black "Barta, Tomas"]
[Result "0-1"]
[WhiteElo "1374"]
[BlackElo "1430"]
[PlyCount "41"]
[EventDate "2007.??.??"]
[SourceDate "2007.11.01"]

1. e4 e5 2. Nf3 Nc6 3. Nc3 Nf6 4. Bc4 Bb4 5. d3 d6 6. h3 O-O 7. Bd2 Be6 8. a3
Ba5 9. Ne2 Bxd2+ 10. Qxd2 Bxc4 11. dxc4 Nxe4 12. Qd3 Nc5 13. Qd2 Na4 14. b3 Nc5
15. a4 Ne6 16. Nc3 Ncd4 17. Nxd4 Nxd4 18. O-O Qf6 19. Nd5 Qd8 20. Nc3 f5 21. g3
0-1

[Event "Prebor DDM 2007"]
[Site "?"]
[Date "2007.11.01"]
[Round "4"]
[White "Barta, Tomas"]
[Black "Dlohos, Stepan"]
[Result "1-0"]
[WhiteElo "1430"]
[BlackElo "1296"]
[PlyCount "111"]
[EventDate "2007.??.??"]
[SourceDate "2007.11.01"]

1. e4 e5 2. Nf3 Nc6 3. Nc3 Nf6 4. d4 exd4 5. Nxd4 Bc5 6. Be3 Qe7 7. Ndb5 Bd6 8.
Nxd6+ cxd6 9. f3 O-O 10. Bc4 Qe5 11. Qd2 h6 12. Bf4 Qd4 13. Qxd4 Nxd4 14. O-O-O
Ne6 15. Bxd6 Re8 16. Nd5 Nxd5 17. Rxd5 b6 18. Bg3 Nc5 19. Bd6 Nb7 20. Bb4 Rd8
21. Bb5 d6 22. Bc6 Be6 23. Bxb7 Bxd5 24. Bxa8 Bxa8 25. Rd1 d5 26. Rd4 b5 27. b3
f6 28. Kb2 Rd7 29. exd5 Rxd5 30. Rxd5 Bxd5 31. Kc3 Bb7 32. Kd4 Kf7 33. Ke3 Bd5
34. g3 g5 35. f4 g4 36. Kd4 Be6 37. Kc5 a6 38. Kb6 Bc8 39. Kc7 Be6 40. Kb6 Bf5
41. Kxa6 Bxc2 42. Kxb5 Bb1 43. a4 Bc2 44. a5 Bxb3 45. a6 Bd5 46. Kb6 Bf3 47.
Kc7 Ke6 48. a7 h5 49. Kb8 Kf5 50. a8=Q Bxa8 51. Kxa8 Ke4 52. Be7 f5 53. Kb7 Kf3
54. Kc6 Kg2 55. Kd5 Kxh2 56. Bh4 1-0

[Event "Prebor DDM 2007"]
[Site "?"]
[Date "2007.11.01"]
[Round "4"]
[White "Smutny, Norbert"]
[Black "Schmidt, Karel"]
[Result "0-1"]
[WhiteElo "1412"]
[BlackElo "1790"]
[PlyCount "48"]
[EventDate "2007.??.??"]
[SourceDate "2007.11.01"]

1. e4 d5 2. exd5 Nf6 3. Nf3 Nxd5 4. Bc4 c6 5. O-O Bg4 6. d4 e6 7. Be2 Bd6 8.
Bg5 Qc7 9. g3 Qb6 10. b3 h6 11. Bd2 Bxf3 12. Bxf3 Qxd4 13. c3 Qf6 14. Re1 O-O
15. Be3 Nxe3 16. Rxe3 Bc5 17. Rd3 Na6 18. b4 Bb6 19. Rd7 Rad8 20. Kg2 Rxd7 21.
Qxd7 Rd8 22. Qxb7 Nxb4 23. Bxc6 Qxf2+ 24. Kh3 Nc2 0-1

[Event "Prebor DDM 2007"]
[Site "?"]
[Date "2007.11.01"]
[Round "4"]
[White "Smutny, Patrik"]
[Black "Stvan, Marek"]
[Result "0-1"]
[WhiteElo "1374"]
[BlackElo "1597"]
[PlyCount "126"]
[EventDate "2007.??.??"]
[SourceDate "2007.11.01"]

1. e4 c5 2. Nc3 d6 3. Nf3 Nc6 4. Bb5 Bd7 5. O-O Nf6 6. Re1 e6 7. d4 cxd4 8.
Nxd4 a6 9. Ba4 Rc8 10. Nf3 b5 11. Bb3 Na5 12. Nd2 Nxb3 13. Nxb3 Be7 14. h3 O-O
15. Bf4 Bc6 16. e5 dxe5 17. Bxe5 Nd7 18. Bf4 Bg5 19. Qd2 Bxf4 20. Qxf4 Qc7 21.
Qxc7 Rxc7 22. Rad1 Nb6 23. Rd2 Nc4 24. Rd4 Nxb2 25. Rb1 Nc4 26. Nc5 Ra8 27.
Rbd1 Kf8 28. Rf4 Ke7 29. Ne2 Bd5 30. Nb3 Rd8 31. Rfd4 Rcd7 32. Nc5 Rd6 33. Nf4
a5 34. c3 a4 35. Nxd5+ Rxd5 36. Kf1 Rxd4 37. Rxd4 Rxd4 38. cxd4 Kd6 39. Ke2 Kd5
40. Kd3 Na5 41. f3 Nc6 42. Ne4 h6 43. Nc3+ Kd6 44. Nxb5+ Kd7 45. Kc4 e5 46. d5
Ne7 47. Nc3 Nf5 48. Kd3 Kd6 49. Ke4 Ne7 50. g3 f5+ 51. Ke3 Nxd5+ 52. Kd3 Nxc3
53. Kxc3 Kc5 54. Kc2 Kd4 55. Kd2 g5 56. g4 f4 57. Ke2 Kc3 58. Kd1 Kb2 59. Kd2
Kxa2 60. Kc3 Ka3 61. Kc2 Kb4 62. Kb2 Kc4 63. Kc2 Kd4 0-1

[Event "Prebor DDM 2007"]
[Site "?"]
[Date "2007.11.07"]
[Round "5"]
[White "Dlohos, Stepan"]
[Black "Kalabova, Jitka"]
[Result "0-1"]
[WhiteElo "1296"]
[BlackElo "1359"]
[PlyCount "74"]
[EventDate "2007.??.??"]
[SourceDate "2007.11.07"]

1. e4 c5 2. Nc3 Nc6 3. Nf3 e5 4. Bc4 Nf6 5. O-O Be7 6. h3 O-O 7. d3 d6 8. Be3
a6 9. Nd5 Be6 10. Nxe7+ Qxe7 11. Bg5 Bxc4 12. dxc4 Qe6 13. Qd3 Nb4 14. Qd2 Nxe4
15. Qe2 Nxg5 16. Nxg5 Qg6 17. Ne4 Rad8 18. a3 Nc6 19. Rfd1 Nd4 20. Qd3 f5 21.
Nc3 e4 22. Qd2 Nf3+ 23. Kf1 Nxd2+ 24. Rxd2 Rfe8 25. Nd5 Qg5 26. Re2 Re6 27. Re3
Rg6 28. Rg3 Qh4 29. Rxg6 hxg6 30. Re1 Re8 31. Re3 f4 32. Re2 f3 33. gxf3 Qxh3+
34. Ke1 Qxf3 35. Re3 Qh1+ 36. Kd2 Rf8 37. Rxe4 Qxe4 0-1

[Event "Prebor DDM 2007"]
[Site "?"]
[Date "2007.11.07"]
[Round "5"]
[White "Schmidt, Karel"]
[Black "Barta, Tomas"]
[Result "1-0"]
[WhiteElo "1790"]
[BlackElo "1430"]
[PlyCount "75"]
[EventDate "2007.??.??"]
[SourceDate "2007.11.07"]

1. d4 e5 2. dxe5 Nc6 3. Nf3 Qe7 4. Nc3 Nxe5 5. e3 d6 6. Nxe5 Qxe5 7. Nd5 Kd8 8.
Be2 Nf6 9. Bf3 Bf5 10. Nxf6 Qxf6 11. Bxb7 Rb8 12. Bc6 Qg6 13. O-O Bxc2 14. Qf3
Rb6 15. a4 Rxc6 16. Qh3 Rc5 17. g3 Bf5 18. Qg2 Be4 19. f3 Rc2 20. Rf2 Rxf2 21.
Qxf2 Bc6 22. e4 Kd7 23. b4 Be7 24. b5 Bb7 25. Bd2 Qf6 26. Rc1 Qb2 27. Rxc7+ Ke6
28. Rxe7+ Kxe7 29. Bg5+ Qf6 30. Bxf6+ Kxf6 31. Qxa7 Bc8 32. Qb8 Re8 33. Qxd6+
Re6 34. Qd8+ Ke5 35. Qxc8 Kd6 36. a5 Re5 37. Qb7 Rc5 38. Qb6+ 1-0

[Event "Prebor DDM 2007"]
[Site "?"]
[Date "2007.11.07"]
[Round "5"]
[White "Pokorny, Ondrej"]
[Black "Nemec, Jan"]
[Result "1/2-1/2"]
[WhiteElo "1978"]
[BlackElo "1927"]
[PlyCount "75"]
[EventDate "2007.??.??"]
[SourceDate "2007.11.07"]

1. e4 e5 2. Nf3 Nc6 3. Bb5 a6 4. Ba4 Nf6 5. O-O Be7 6. Re1 b5 7. Bb3 d6 8. c3
Bg4 9. d3 O-O 10. Nbd2 Na5 11. Bc2 c5 12. Nf1 Nc6 13. Ng3 Qd7 14. h3 Bxf3 15.
Qxf3 g6 16. Bh6 Rfc8 17. Bb3 Na5 18. Bc2 Qe6 19. Qe3 Bf8 20. Bxf8 Rxf8 21. f4
exf4 22. Qxf4 Qe5 23. Qf2 Nh5 24. Nxh5 Qxh5 25. Qf6 Qe5 26. Rf1 Qxf6 27. Rxf6
Rad8 28. Raf1 Nc6 29. Bb3 Ne5 30. d4 cxd4 31. cxd4 Nc4 32. e5 dxe5 33. dxe5
Nxe5 34. Rxa6 Nc4 35. Bxc4 bxc4 36. Rf2 Ra8 37. Rxa8 Rxa8 38. a3 1/2-1/2

[Event "Prebor DDM 2007"]
[Site "?"]
[Date "2007.11.07"]
[Round "5"]
[White "Vlach, Karel"]
[Black "Kandrik, Antonin"]
[Result "1-0"]
[WhiteElo "2004"]
[BlackElo "1883"]
[PlyCount "46"]
[EventDate "2007.??.??"]
[SourceDate "2007.11.07"]

1. c4 Nf6 2. d4 g6 3. Nf3 Bg7 4. Nc3 O-O 5. g3 d6 6. Bg2 c6 7. O-O Nbd7 8. Bf4
Qc7 9. Qd2 e5 10. Bh6 exd4 11. Nxd4 Re8 12. Bxg7 Kxg7 13. Rad1 Ne5 14. b3 Qa5
15. h3 Be6 16. Kh2 Rad8 17. e4 Ned7 18. f4 Nf8 19. f5 Bc8 20. fxg6 hxg6 21.
Rxf6 Nh7 22. Rf2 Ng5 23. Nf5+ Bxf5 1-0